Statistics for Transfers: Summer 2018

Click here to take the quiz!

General Stats

  • This quiz has been taken 30 times
  • The average score is 34 of 200

Answer Stats

Club to ClubAnswer% Correct
From RB Leipzig to LiverpoolNaby Keita
100%
From Real Madrid to JuventusCristiano Ronaldo
93%
From Athletic Club Bilbao to ChelseaKepa Arrizabalaga
86%
From AS Monaco to Paris Saint-GermainKylian Mbappe
86%
From Leicester City to Manchester CityRiyad Mahrez
86%
From AS Monaco to Atletico MadridThomas Lemar
86%
From Chelsea to Real MadridThibaut Courtois
79%
From Roma to LiverpoolAlisson Becker
71%
From Shakhtar Donetsk to Manchester UnitedFred
71%
From Napoli to ChelseaJorginho
71%
From Bayern Munich to JuventusDouglas Costa
64%
From Liverpool to JuventusEmre Can
64%
From AS Monaco to LiverpoolFabinho
64%
From Bordeaux to BarcelonaMalcom
64%
From Vasco da Gama to Bayer Leverkusen | Loan to Guangzhou Evergrande Taobao form BarcelonaPaulinho
64%
From Flamengo to Real MadridVinicius Junior
64%
From AC Milan to JuventusLeonardo Bonucci
57%
From Watford to EvertonRicharlison
57%
From Bayern Munich to BarcelonaArturo Vidal
50%
From Nice to FulhamJean Michael Seri
50%
From Schalke to Bayern MunichLeon Goretzka
50%
Loan to Chelsea from Real MadridMateo Kovacic
50%
From Lazio to West HamFelipe Anderson
43%
Loan to AC Milan from JuventusGonzalo Higuain
43%
From Valencia to JuventusJoao Cancelo
43%
From Sampdoria to ArsenalLucas Torreira
43%
From Bayer Leverkusen to ArsenalBernd Leno
36%
From Paris Saint-Germain to ValenciaGoncalo Guedes
36%
From Benfica to WolvesRaul Jimenez
36%
From Schalke to Paris Saint-GermainThilo Kehrer
36%
Loan to AC Milan from ChelseaTiemoue Bakayoko
36%
From Barcelona to EvertonYerry Mina
36%
Loan to Everton from BarcelonaAndre Gomes
29%
Loan to Fulham from Borussia DortmundAndre Schurrle
29%
Loan to Sevilla from AC MilanAndre Silva
29%
From Borussia Dortmund to West HamAndriy Yarmolenko
29%
From FC Koln to TJ Quanjian | From No Club to FC KolnAnthony Modeste
29%
From Gremio to BarcelonaArthur
29%
From Manchester United to AjaxDaley Blind
29%
From Barcelona to EvertonLucas Digne
29%
From Villarreal to Atletico MadridRodri
29%
From Stoke City to LiverpoolXherdan Shaqiri
29%
From Mainz to Borussia DortmundAbdou Diallo
21%
From CSKA Moscow to AS MonacoAleksandr Golovin
21%
From Real Sociedad to Real MadridAlvaro Odriozola
21%
From TJ Quanjian to Borussia DortmundAxel Witsel
21%
From Sevilla to Barcelona.Clement Lenglet
21%
From FC Porto to Manchester UnitedDiogo Dalot
21%
From Stoke City to Paris Saint-GermainEric Maxim Choupo-Moting
21%
From Real Betis to NapoliFabian Ruiz
21%
From AS Monaco to WolvesJoao Moutinho
21%
From Manchester City to BurnleyJoe Hart
21%
Loan to Everton from ChelseaKurt Zouma
21%
Loan to Borussia Dortmund from BarcelonaPaco Alcacer
21%
From FC Porto to Leicester CityRicardo Pereira
21%
From Sporting CP to WolvesRui Patricio
21%
From Hannover 96 to SchalkeSalif Sane
21%
From Borussia Dortmund to ArsenalSokratis Papastathopoulos
21%
From Lazio to Inter MilanStefan De Vrij
21%
From Middlesbrough to WolvesAdama Traore
14%
From Leicester City to Al-NassrAhmed Musa
14%
From Newcastle to FulhamAleksandar Mitrovic
14%
From Swansea to FuhamAlfie Mawson
14%
Loan to Guangzhou Evergrande Taobao from BenficaAnderson Talisca
14%
From Freiburg to Leicester CityCaglar Soyuncu
14%
From Southampton to AjaxDusan Tadic
14%
From Barcelona to WatfordGerard Deulofeu
14%
From Juventus to Paris Saint-GermainGianluigi Buffon
14%
From Paris Saint-Germain to Real BetisGiovani Lo Celso
14%
Loan to Fenerbahce from Leicester CityIslam Slimani
14%
From Arsenal to West HamJack Wilshere
14%
From Norwich to Leicester CityJames Maddison
14%
From Sevilla to LazioJoaquin Correa
14%
From West Brom to Leicester CityJonny Evans
14%
Loan to Inter Milan from AS MonacoKeita Balde
14%
From Roma to MarseilleKevin Strootman
14%
From Racing Club to Inter MilanLautaro Martinez
14%
Loan to Besiktas from LiverpoolLoris Karius
14%
From Olimpique Lyon to Real MadridMariano Diaz
14%
From Schalke to Crystal PalaceMax Meyer
14%
Loan to Valencia from ChelseaMichy Batshuayi
14%
From Celtic to Olimpique LyonMoussa Dembele
14%
From JS Suning to VillarealRoger Martinez
14%
From Villarreal to AC MilanSamu Castillejo
14%
From Arsenal to VillarealSanti Cazorla
14%
Loan to Inter Milan from Atletico MadridSime Vrsaljko
14%
From Sevilla to RomaSteven Nzonzi
14%
Loan to Aston Villa from ChelseaTammy Abraham
14%
From Werder Bremen to Borussia DortmundThomas Delaney
14%
From Everton to DC UnitedWayne Rooney
14%
From Nice to Borussia MonchengladbachAlassane Plea
7%
Loan to Fenerbache from SwanseaAndre Ayew
7%
From Barcelona to Vissel KobeAndres Iniesta
7%
From Marseille to FulhamAndre Zambo Anguissa
7%
From Manchester City to SouthamptonAngus Gunn
7%
From Middlesbrough to BurnleyBen Gibson
7%
From Bayer Leverkusen to AS MonacoBenjamin Henrichs
7%
From Benfica to Atalanta | Loan to Roma from AtalantaBryan Cristante
7%
Loan to Fulham from ArsenalCalum Chambers
7%
Loan to Southampton from LiverpoolDanny Ings
7%
From Sheffield United to BournemouthDavid Brooks
7%
From New York City to Vissel KobeDavid Villa
7%
From Genoa to AC MilanDiego Laxalt
7%
From CD Leganes to BournemouthDiego Rico
7%
From RB Salzburg to MarseilleDuje Caleta-Car
7%
From Napoli to Sampdoria | Loan to Atalanta from SampdoriaDuvan Zapata
7%
From Sporting CP to Atletico MadridGelson Martins
7%
From Espanol to VillarrealGerard Moreno
7%
Loan to Lokomotiv Moscow from Paris Saint-GermainGrzegorz Krychowiak
7%
From Toulouse to West HamIssa Diop
7%
From Levante to BournemouthJefferson Lerma
7%
From Inter Milan to ValenciaJeison Murillo
7%
From Benfica to Nottingham ForestJoao Carvalho
7%
From Aston Villa to MarseilleJordan Amavi
7%
Loan to Newcastle from West BromJose Salomon Rondon
7%
From Norwich to Cardiff CityJosh Murphy
7%
From Bayern Munich to Paris Saint-GermainJuan Bernat
7%
From Ajax to RomaJustin Kluivert
7%
From Angers to VillarrealKarl Toko Ekambi
7%
Loan to Wolves from AnderlechtLeander Dendoncker
7%
From Hoffenheim to SchalkeMark Uth
7%
From FC Sion to RB LeipzigMatheus Cunha
7%
Loan to Sassuolo from Inter MilanMatteo Politano
7%
From Juventus to AC MilanMattia Caldara
7%
From West Brom to AS MonacoNacer Chadli
7%
From Manchester City to StuttgartPablo Maffeo
7%
From Sampdoria to RomaPatrik Schick
7%
From Spartak Moscow to SevillaQuincy Promes
7%
Loan to Fulham from SevillaSergio Rico
7%
Loan to Torino from ValenciaSimone Zaza
7%
From Amiens to Olimpique LyonTanguy Ndombele
7%
Loan to Real Sociedad from Real MadridTheo Hernandez
7%
From Sporting CP to Real BetisWilliam Carvalho
7%
Loan to Aston Villa from EvertonYannick Bolasie
7%
From Paris Saint-Germain to Athletic Club BilbaoYuri Berchiche
7%
Loan to Besiktas from TorinoAdem Ljajic
0%
From Toulouse to FiorentinaAlban Lafont
0%
Loan to Napoli from UdineseAlex Meret
0%
From AZ Alkmaar to BrightonAlireza Jahanbakhsh
0%
From Zorya Lugansk to Real MadridAndrii Lunin
0%
From Fiorentina to Eintracht FrankfurtAnte Rebic
0%
Loan to Galatasaray from Stoke CityBadou Ndiaye
0%
Loan to Blackburn Rovers from Nottingham ForestBen Brereton
0%
From Schalke to Lokomotiv MoscowBenedikt Howedes
0%
From Bristol City to Cardiff CityBobby Reid
0%
From West Ham to Crystal PalaceCheikhou Kouyate
0%
From Stuttgart to WolfsburgDaniel Ginczek
0%
From Celta Vigo to ValenciaDaniel Wass
0%
From Liverpool to Leicester CityDanny Ward
0%
From Everton to Werder BremenDavy Klaassen
0%
From Atletico Madrid to WolvesDiogo Jota
0%
From Krasnodar to Lokomotiv MoscowFedor Smolov
0%
From Dinamo Zagreb to Leicester CityFilip Benkovic
0%
From Inter Milan to ValenciaGeoffery Kondogbia
0%
From Real Betis to FiorentinaGerman Pezzella
0%
From Sassuolo to RomaGregoire Defrel
0%
Loan to Leganes from SouthamptonGuido Carrillo
0%
From LOSC Lille to SevillaIbrahim Amadou
0%
Loan to Sampdoria from UdineseJakub Jankto
0%
From Borussia Monchengladbach to SouthamptonJannik Vestergaard
0%
From Paris Saint-Germain to RomaJavier Pastore
0%
From Strasbourg to MonacoJean-Eudes Aholou
0%
From Celta Vigo to Atletico Madrid | Loan to Wolves from Atletico MadridJonny Castro
0%
From Stade Rennais to AS MonacoJoris Gnagnon
0%
From Atletico Madrid to ValenciaKevin Gameiro
0%
Loan to Hannover from Stoke CityKevin Wimmer
0%
From Juventus to Inter MilanKwadwo Asamoah
0%
From River Plate to RB LeipzigMarcelo Saracchi
0%
Loan to Fiorentina from JuventusMarko Pjaca
0%
From Derby County to BurnleyMatej Vydra
0%
From AC Milan to TorinoM'Baye Niang
0%
From Newcastle to Real SociedadMikel Merino
0%
From Fiorentia to LazioMilan Badelj
0%
From Hertha Berlin to Bayer LeverkusenMitchell Weiser
0%
From FC Basel to SouthamptonMohamed Elyounoussi
0%
From Olimpique Lyon to ValenciaMouctar Diakhaby
0%
From AC Milan to Atletico Madrid | From Fiorentina to AC MilanNikola Kalinic
0%
From Paris Saint-Germain to CelticOdsonne Edouard
0%
From AS Monaco to Leicester CityRachid Ghezzal
0%
From Roma to Inter MilanRadja Nianggolan
0%
From Liverpool to CagliariRagnar Klavan
0%
From Chivas to MonterreyRodolfo Pizarro
0%
From Juventus to UdineseRolando Mandragora
0%
From Manchester United to West BromSam Johnstone
0%
From PSV Eindoven to Atletico MadridSantiago Arias
0%
From Bologna to NapoliSimone Verdi
0%
Loan to Celta Vigo from SouthamptonSofiane Boufal
0%
From Juventus to ArsenalStephan Lichtsteiner
0%
From AS Monaco to HuddersfieldTerence Kongolo
0%
From Huddersfield to Stoke CityTom Ince
0%
From CSKA Moscow to FlamengoVitinho
0%
From Olimpique Lyon to AS MonacoWillem Geubbels
0%
From FC Porto to WolvesWilly Boly
0%
From LOSC Lille to BrightonYves Bissouma
0%

Score Distribution

Percentile by Number Answered

Percent of People with Each Score

Your Score History

You have not taken this quiz